<?xml version="1.0" encoding="UTF-8"?>
<record
    xmlns:xsi="http://www.w3.org/2001/XMLSchema-instance"
    xsi:schemaLocation="http://www.loc.gov/MARC21/slim http://www.loc.gov/standards/marcxml/schema/MARC21slim.xsd"
    xmlns="http://www.loc.gov/MARC21/slim">

  <leader>11818nas1a22007451i 4500</leader>
  <controlfield tag="001">RU\NLR\INFOCOMM17\1000418689</controlfield>
  <controlfield tag="005">20240726075317.0</controlfield>
  <datafield tag="035" ind1=" " ind2=" ">
    <subfield code="a">(NLR Aleph) 002544209</subfield>
  </datafield>
  <datafield tag="090" ind1=" " ind2=" ">
    <subfield code="a">2961789</subfield>
    <subfield code="c">2961789</subfield>
  </datafield>
  <datafield tag="100" ind1=" " ind2=" ">
    <subfield code="a">20040518b19581963|||y0rusy50      ca</subfield>
  </datafield>
  <datafield tag="101" ind1="0" ind2=" ">
    <subfield code="a">rus</subfield>
  </datafield>
  <datafield tag="102" ind1=" " ind2=" ">
    <subfield code="a">RU</subfield>
  </datafield>
  <datafield tag="110" ind1=" " ind2=" ">
    <subfield code="a">zyu||||0|y0</subfield>
  </datafield>
  <datafield tag="200" ind1="1" ind2=" ">
    <subfield code="a">&#x41D;&#x430;&#x443;&#x447;&#x43D;&#x43E;&#x435; &#x441;&#x43E;&#x43E;&#x431;&#x449;&#x435;&#x43D;&#x438;&#x435;</subfield>
    <subfield code="f">&#x413;&#x43B;&#x430;&#x432;&#x43C;&#x43E;&#x441;&#x441;&#x442;&#x440;&#x43E;&#x439; &#x43F;&#x440;&#x438; &#x41C;&#x43E;&#x441;&#x433;&#x43E;&#x440;&#x438;&#x441;&#x43F;&#x43E;&#x43B;&#x43A;&#x43E;&#x43C;&#x430; &#x41D;&#x430;&#x443;&#x447;.-&#x438;&#x441;&#x441;&#x43B;&#x435;&#x434;. &#x438;&#x43D;-&#x442; &#x41D;&#x418;&#x418; &#x41C;&#x43E;&#x441;&#x441;&#x442;&#x440;&#x43E;&#x439;</subfield>
  </datafield>
  <datafield tag="207" ind1=" " ind2="1">
    <subfield code="a">&#x412;&#x44B;&#x43F;.1-38</subfield>
  </datafield>
  <datafield tag="210" ind1=" " ind2=" ">
    <subfield code="a">&#x41C;.</subfield>
    <subfield code="c">&#x41C;&#x43E;&#x441;&#x43E;&#x440;&#x433;&#x441;&#x442;&#x440;&#x43E;&#x439;</subfield>
    <subfield code="d">1958-1963</subfield>
  </datafield>
  <datafield tag="311" ind1=" " ind2=" ">
    <subfield code="a">&#x41D;&#x430; &#x432;&#x44B;&#x43F;.38 1962 &#x438;&#x437;&#x434;. &#x43F;&#x440;&#x435;&#x43A;&#x440;&#x430;&#x449;&#x435;&#x43D;&#x43E;</subfield>
  </datafield>
  <datafield tag="440" ind1=" " ind2="1">
    <subfield code="1">2001#$a&#x41D;&#x430;&#x443;&#x447;&#x43D;&#x44B;&#x435; &#x441;&#x43E;&#x43E;&#x431;&#x449;&#x435;&#x43D;&#x438;&#x44F;</subfield>
    <subfield code="t">&#x41D;&#x430;&#x443;&#x447;&#x43D;&#x44B;&#x435; &#x441;&#x43E;&#x43E;&#x431;&#x449;&#x435;&#x43D;&#x438;&#x44F;</subfield>
  </datafield>
  <datafield tag="710" ind1="0" ind2="2">
    <subfield code="a">&#x41D;&#x430;&#x443;&#x447;&#x43D;&#x43E;-&#x438;&#x441;&#x441;&#x43B;&#x435;&#x434;&#x43E;&#x432;&#x430;&#x442;&#x435;&#x43B;&#x44C;&#x441;&#x43A;&#x438;&#x439; &#x438;&#x43D;&#x441;&#x442;&#x438;&#x442;&#x443;&#x442; &#x413;&#x43B;&#x430;&#x432;&#x43C;&#x43E;&#x441;&#x441;&#x442;&#x440;&#x43E;&#x44F;</subfield>
    <subfield code="4">070</subfield>
  </datafield>
  <datafield tag="801" ind1=" " ind2="1">
    <subfield code="a">RU</subfield>
    <subfield code="b">InfoComm</subfield>
    <subfield code="c">20040518</subfield>
  </datafield>
  <datafield tag="801" ind1=" " ind2="0">
    <subfield code="a">RU</subfield>
    <subfield code="b">NLR</subfield>
    <subfield code="g">PSBO</subfield>
  </datafield>
  <datafield tag="852" ind1=" " ind2=" ">
    <subfield code="a">NLR</subfield>
    <subfield code="j">&#x41F;10/2260</subfield>
  </datafield>
  <datafield tag="942" ind1=" " ind2=" ">
    <subfield code="c">SE</subfield>
  </datafield>
  <datafield tag="980" ind1=" " ind2=" ">
    <subfield code="a">RUSPER</subfield>
  </datafield>
</record>
